American foreign policy since World War II

Saved in:
Bibliografiske detaljer
Hovedforfatter: Spanier, John W (Author)
Format: Bog
Sprog:engelsk
Udgivet: Nueva York Frederick A. Praeger 1965
Serier:Praeger University Series
Fag:
Tags: Tilføj Tag
Ingen Tags, Vær først til at tagge denne postø!

MARC

LEADER 00000nam a2200000 a 4500
001 UCT7850
003 CL-VaPUC
008 970317e19650000US |||||||||||||||||eng|d
082 0 4 |a 327.730  |b SPA  |2 21 
100 0 |a Spanier, John W  |e author  |9 379079 
245 1 0 |a American foreign policy since World War II 
300 |a 289 p 
942 |c BK 
945 |d 19970317 00:00:00  |a paguirre 
260 |a Nueva York  |b Frederick A. Praeger  |c 1965 
650 0 |a Relaciones Internacionales  |9 255740 
650 0 |a Política internacional  |9 255813 
650 0 |a Guerra Fría   |9 319648 
650 7 |a TENSION INTERNACIONAL  |2 CL-VaPUC  |9 341260 
650 7 |a DOCTRINAS INTERNACIONALES  |2 CL-VaPUC  |9 377732 
651 0 |a Estados Unidos  |9 255178 
651 0 |a Europa  |9 255156 
651 0 |a Unión Soviética  |9 256769 
583 |a last modification  |c 19970317 00:00:00  |k Rodrigo Vera 
490 0 |a Praeger University Series 
999 |c 256397  |d 256395 
952 |0 0  |1 0  |4 0  |6 327_730000000000000_SPA_1965  |7 0  |8 A  |9 279108  |a BIBDER  |b BIBDER  |d 2019-11-19  |i 1808486  |o 327.730 SPA 1965  |p 1808486  |r 2023-01-25  |w 2019-11-19  |y BK  |k DER